Základy pedagogiky dospelých /

Hlavní autor: Paška, Pavel, 1917-2013
Jazyk: Čeština
Vydáno: Bratislava : Obzor, 1976
Vydání: 1. vyd.
Edice: Encyklopédia osvetového pracovníka
Témata:
Fyzický popis: 213 s.
Knihy
Uloženo v:
LEADER 01180nam a22002772a 4500
001 000121595
003 CZ BrMZK
005 20080910064538.0
007 ta
008 970107s1976 xo f cze d
040 |a BOA001  |b cze 
100 1 |a Paška, Pavel,  |d 1917-2013  |7 mzk2002144649 
245 1 0 |a Základy pedagogiky dospelých /  |c Pavel Paška 
250 |a 1. vyd. 
260 |a Bratislava :  |b Obzor,  |c 1976 
300 |a 213 s. 
490 1 |a Encyklopédia osvetového pracovníka ;  |v [zv.] 3 
830 0 |a Encyklopédia osvetového pracovníka 
910 |a BOA001  |b PK-0077.673  |b 1-0761.752 
964 |a Pedagogika dospělých - úvody 
990 |a BK 
996 6 |b 2619845590  |c 1-0761.752  |l MZK  |r Sklad / do 1 hodiny  |n 1  |w 000121595  |u 000050  |a 1  |e BOA001  |j MZK50  |s P 
996 7 |b 2619967352  |c 1-0761.752  |l MZK  |r Sklad / do 1 hodiny  |n 0  |w 000121595  |u 000030  |a 1  |e BOA001  |j MZK50  |s A 
996 7 |b 2619967569  |c 1-0761.752  |l MZK  |r Sklad / do 1 hodiny  |n 0  |w 000121595  |u 000040  |a 1  |e BOA001  |j MZK50  |s A 
996 7 |b 3119822768  |c PK-0077.673  |l MZK  |r Sklad / do 1 hodiny  |n 1  |w 000121595  |u 000020  |a 1  |e BOA001  |j MZK50  |s A 
996 7 |b 3119956930  |c PK-0077.673  |l MZK  |r Sklad / do 1 hodiny  |n 1  |w 000121595  |u 000010  |a 1  |e BOA001  |j MZK50  |s A